00715 2200229 4500001002100000005001700021008004100038020002200079035002500101040001200126082001200138084002200150100003000172245012800202250001000330260002800340300002200368500003100390650002700421700002500448850001200473INLIS00000000000524520150511114900.0  a978-602-255-406-6 a0010-051500000000378 aYOPDYOG a297.324 aDEP 297.324 Muc K aMUCH. ZAENURI NUR, Ustadz aKumpulan lengkap dan praktis Khutbah Jumat & HB I sepanjang tahunc/ Ustadz Much. Zaenuri Nur ; editor Syaikhu Razi bin Baz aCet.1 aYogyakartabSabilc2014 a310 hlm.c; 20 cm aBibliografi : hlm. 307-308 aKhutbah Jumat-Kumpulan aSyaikhu Razi bin Baz aYOPDYOG